000 00593nam a22001937a 4500
003 SEM
005 20220608073942.0
008 171103b xxu||||| |||| 00| 0 germ d
040 _aՍԷՄ
_cՍԷՄ
041 0 _agerm.
080 _a930.26(43.6)/B-27
100 1 _aBarth Fritz Eckart
245 1 4 _aSalzbergwerk Hallstatt Kernverwässerungswerk Grabung 1849. /
_cF. E. Barth; Salinen Austria
260 _aHallstatt:
_bMusealvereines Hallstatt,
_c1990.
300 _a32+[48] S.;
_b3 S. ill.; maps;
_c21 cm.
650 _aArcheology
_zHallstatt
710 2 _aSalinen Austria
942 _2udc
_cBK
999 _c67623
_d67623